000 00510nam a2200181Ia 4500
005 20250508152516.0
008 008 250505s9999 xx 000 0 hin d
037 _aTextual
040 _aFEDL
_beng
_cFEDL
041 _ahin
_2hin
084 _a891.43, PAN
_qFEDL
100 _aPandey Gangaprasad
_9399739
245 0 _aNavina
260 _aAllahabad, India
_bRam Narayan Lal Publishers and Book Seller
_c1954
300 _a166p.
942 _cTEXL
_h891.43, PAN
999 _c1336880
_d1336880